ORGANIZATIONAL BEHAVIOUR AND MANAGEMENT (Record no. 215860)
[ view plain ]
| 000 -LEADER | |
|---|---|
| fixed length control field | 00587nam a22001937a 4500 |
| 008 - FIXED-LENGTH DATA ELEMENTS--GENERAL INFORMATION | |
| fixed length control field | 250708b |||||||| |||| 00| 0 eng d |
| 020 ## - INTERNATIONAL STANDARD BOOK NUMBER | |
| International Standard Book Number | 978-1-4737-2893-6 |
| 050 ## - LIBRARY OF CONGRESS CALL NUMBER | |
| Classification number | HD 58.7 .M37 2017 |
| 100 ## - MAIN ENTRY--PERSONAL NAME | |
| Personal name | MARTIN, JOHN |
| 245 ## - TITLE STATEMENT | |
| Title | ORGANIZATIONAL BEHAVIOUR AND MANAGEMENT |
| 250 ## - EDITION STATEMENT | |
| Edition statement | 5 |
| 260 ## - PUBLICATION, DISTRIBUTION, ETC. | |
| Place of publication, distribution, etc. | UNITED KINGDOM |
| Name of publisher, distributor, etc. | CENGAGE LEARNING EMEA |
| Date of publication, distribution, etc. | 2017 |
| 300 ## - PHYSICAL DESCRIPTION | |
| Extent | XXI,568P.:ILL |
| 500 ## - GENERAL NOTE | |
| General note | INCLUDES BIBLIOGRAPHICAL REFERENCES AND INDEX |
| 650 ## - SUBJECT ADDED ENTRY | |
| Topical term or geographic name entry element | 1. ORGANIZATIONAL BEHAVIOUR. 2. PERSONNEL MANAGEMENT |
| 700 ## - ADDED ENTRY--PERSONAL NAME | |
| Personal name | FELLENZ, MARTIN |
| 942 ## - ADDED ENTRY ELEMENTS (KOHA) | |
| Source of classification or shelving scheme | Library of Congress Classification |
| Koha item type | Long Loan Book |
| Withdrawn status | Lost status | Source of classification or shelving scheme | Damaged status | Not for loan | Collection | Home library | Current library | Shelving location | Date acquired | Inventory number | Total checkouts | Full call number | Barcode | Date last seen | Copy number | Price effective from | Koha item type |
|---|---|---|---|---|---|---|---|---|---|---|---|---|---|---|---|---|---|
| Library of Congress Classification | Business & Economics | Kisii University Library | Kisii University Library | On Display | 07/08/2025 | 108887 | HD 58.7 .M37 2017 | 000000022951 | 07/08/2025 | 1 | 07/08/2025 | Long Loan Book | |||||
| Library of Congress Classification | Business & Economics | Kisii University Library | Kisii University Library | On Display | 07/08/2025 | 108888 | HD 58.7 .M37 2017 | 000000022950 | 07/08/2025 | 2 | 07/08/2025 | Long Loan Book | |||||
| Library of Congress Classification | Business & Economics | Kisii University Library | Kisii University Library | On Display | 07/08/2025 | 108889 | HD 58.7 .M37 2017 | 000000023159 | 07/08/2025 | 3 | 07/08/2025 | Long Loan Book | |||||
| Library of Congress Classification | Business & Economics | Kisii University Library | Kisii University Library | On Display | 07/08/2025 | 108890 | HD 58.7 .M37 2017 | 000000023158 | 07/08/2025 | 4 | 07/08/2025 | Long Loan Book | |||||
| Library of Congress Classification | Business & Economics | Kisii University Library | Kisii University Library | On Display | 07/08/2025 | 108891 | HD 58.7 .M37 2017 | 000000023157 | 07/08/2025 | 5 | 07/08/2025 | Long Loan Book |